[Event "Arab-ch"]
[Site "Dubai"]
[Date "1995.??.??"]
[Round "?"]
[White "Ahmed, Esam Aly"]
[Black "Bennis, Zakaria"]
[Result "1/2-1/2"]
[WhiteElo "2400"]
[BlackElo "2290"]
[PlyCount "100"]
[EventDate "1995.??.??"]
[EventType "swiss"]
[EventRounds "11"]
[EventCountry "UAE"]
[SourceTitle "EXT 1999"]
[Source "ChessBase"]
[SourceDate "1998.11.16"]
[SourceVersion "1"]
[SourceVersionDate "1998.11.16"]
[SourceQuality "1"]

1. d4 Nf6 2. c4 g6 3. Nc3 Bg7 4. e4 d6 5. f4 0-0 6. Nf3 c5 7. d5 b5 8. cxb5 a6 9. a4 axb5 10. Bxb5 Ba6 11. Bd2 Qb6 12. 0-0 c4+ 13. Kh1 Ng4 14. Qe2 Bxb5 15. Nxb5 Bxb2 16. Rab1 Bg7 17. h3 Nf6 18. Qxc4 Qa6 19. Rb4 Rc8 20. Qa2 Rc5 21. Qb1 Nbd7 22. Nfd4 Nb6 23. Nc6 Nbxd5 24. exd5 Nxd5 25. Nxe7+ Nxe7 26. Be3 Rcc8 27. Rd1 d5 28. Nd4 Rc3 29. Bf2 Ra3 30. Rb8+ Bf8 31. Bh4 Rxb8 32. Qxb8 Qc8 33. Qxc8 Nxc8 34. Nf3 Rxa4 35. Rxd5 Ne7 36. Rd8 Kg7 37. Nd4 Rxd4 38. Rxd4 Nf5 39. Bf2 Nxd4 40. Bxd4+ f6 41. g4 Kf7 42. f5 Bd6 43. Kg2 Bf4 44. Kf3 Bd2 45. Ke4 Be1 46. Bc5 Bg3 47. Bb4 Bf2 48. Kf3 Bd4 49. Bd2 Be5 50. Bh6 Bc3 1/2-1/2

[Event "Arab-ch"]
[Site "Dubai"]
[Date "1995.??.??"]
[Round "?"]
[White "Bouaziz, Slim"]
[Black "Bennis, Zakaria"]
[Result "0-1"]
[WhiteElo "2510"]
[BlackElo "2290"]
[PlyCount "35"]
[EventDate "1995.??.??"]
[EventType "swiss"]
[EventRounds "11"]
[EventCountry "UAE"]
[SourceTitle "EXT 1999"]
[Source "ChessBase"]
[SourceDate "1998.11.16"]
[SourceVersion "1"]
[SourceVersionDate "1998.11.16"]
[SourceQuality "1"]

1. b3 d5 2. Bb2 c5 3. e3 e6 4. f4 Nf6 5. Nf3 a6 6. Be2 b6 7. 0-0 Nbd7 8. Ne5 Bd6 9. d4 Bb7 10. Nd2 0-0 11. Bd3 Qc7 12. Nxd7 Nxd7 13. Qh5 f5 14. dxc5 Bxc5 15. Qh3 Nf6 16. Rfe1 Qxf4 17. a3 Ng4 18. Nf3 0-1

[Event "Arab-ch"]
[Site "Dubai"]
[Date "1995.??.??"]
[Round "?"]
[White "Hamdouchi, Hicham"]
[Black "Bennis, Zakaria"]
[Result "1-0"]
[WhiteElo "2555"]
[BlackElo "2290"]
[PlyCount "57"]
[EventDate "1995.??.??"]
[EventType "swiss"]
[EventRounds "11"]
[EventCountry "UAE"]
[SourceTitle "EXT 1999"]
[Source "ChessBase"]
[SourceDate "1998.11.16"]
[SourceVersion "1"]
[SourceVersionDate "1998.11.16"]
[SourceQuality "1"]

1. e4 c6 2. d4 d5 3. e5 Bf5 4. Be2 e6 5. Nf3 Nd7 6. 0-0 Ne7 7. Nh4 Bg6 8. Be3 Nc8 9. Nxg6 hxg6 10. Nd2 a6 11. a4 c5 12. c3 Na7 13. f4 Nc6 14. Nf3 cxd4 15. cxd4 Be7 16. Bd3 Qb6 17. Rf2 g5 18. fxg5 Ncxe5 19. Nxe5 Nxe5 20. a5 Qa7 21. Qa4+ Nc6 22. Raf1 f5 23. gxf6 gxf6 24. Rxf6 Bxf6 25. Rxf6 Ke7 26. Rf2 Rag8 27. Qa3+ Kd7 28. Rf7+ Ke8 29. Rc7 1-0

[Event "Casablanca"]
[Site "Casablanca"]
[Date "1994.??.??"]
[Round "1"]
[White "Hamdouchi, Hicham"]
[Black "Bennis, Zakaria"]
[Result "1-0"]
[WhiteElo "2480"]
[BlackElo "2305"]
[PlyCount "67"]
[EventDate "1994.05.??"]
[EventType "tourn"]
[EventRounds "9"]
[EventCountry "MAR"]
[EventCategory "7"]
[SourceTitle "CBM 042 Extra"]
[Source "ChessBase"]
[SourceDate "1994.11.01"]
[SourceVersion "1"]
[SourceVersionDate "1994.11.01"]
[SourceQuality "1"]

1. e4 c5 2. Nf3 Nc6 3. d4 cxd4 4. Nxd4 Nf6 5. Nc3 d6 6. Bc4 Qb6 7. Nb3 e6 8. Bf4 Ne5 9. Be2 Bd7 10. 0-0 h5 11. h3 Qc7 12. Nd2 a6 13. a4 Be7 14. Be3 d5 15. exd5 exd5 16. Bd4 0-0-0 17. Nf3 Nxf3+ 18. Bxf3 Be6 19. Bxf6 Bxf6 20. Nxd5 Bxd5 21. Bxd5 Bxb2 22. Rb1 Qc3 23. Bxb7+ Kxb7 24. Qc1 Ka7 25. Rxb2 Rb8 26. Rxb8 Rxb8 27. Qf4 Rb7 28. Rd1 Rc7 29. Rd5 g6 30. a5 Qc6 31. Qd4+ Kb7 32. Qb4+ Kc8 33. Qf8+ Kb7 34. Rd6 1-0

[Event "Casablanca"]
[Site "Casablanca"]
[Date "1994.??.??"]
[Round "5"]
[White "Mellado Trivino, Juan"]
[Black "Bennis, Zakaria"]
[Result "1-0"]
[WhiteElo "2395"]
[BlackElo "2305"]
[PlyCount "87"]
[EventDate "1994.05.??"]
[EventType "tourn"]
[EventRounds "9"]
[EventCountry "MAR"]
[EventCategory "7"]
[SourceTitle "CBM 042 Extra"]
[Source "ChessBase"]
[SourceDate "1994.11.01"]
[SourceVersion "1"]
[SourceVersionDate "1994.11.01"]
[SourceQuality "1"]

1. c4 e5 2. Nc3 Nc6 3. Nf3 Nf6 4. d4 exd4 5. Nxd4 Bc5 6. e3 0-0 7. Be2 Re8 8. 0-0 a5 9. b3 Ne7 10. Bb2 Ng6 11. Qc2 d6 12. Rad1 Bd7 13. a3 Qc8 14. Rfe1 c6 15. Bf1 Bg4 16. f3 Bd7 17. Kh1 Re5 18. e4 h5 19. Na4 Re8 20. Nxc5 dxc5 21. Nf5 Bxf5 22. exf5 Nf8 23. a4 N8h7 24. Rxe8+ Qxe8 25. Qd2 Qe7 26. g3 Re8 27. Kg2 Qc7 28. h4 Qb6 29. Qc3 Nf8 30. Kf2 Re7 31. Bc1 N8d7 32. Bf4 Re8 33. Bd3 Nf8 34. Bc2 N8d7 35. Re1 Rxe1 36. Qxe1 Qd8 37. Qd2 Ne8 38. Be5 Qe7 39. Bc3 b6 40. Be4 Nb8 41. Qf4 Qd8 42. f6 Nd7 43. fxg7 Nxg7 44. Qh6 1-0

[Event "Casablanca"]
[Site "Casablanca"]
[Date "1994.??.??"]
[Round "6"]
[White "Plachetka, Jan"]
[Black "Bennis, Zakaria"]
[Result "1-0"]
[WhiteElo "2435"]
[BlackElo "2305"]
[PlyCount "76"]
[EventDate "1994.05.??"]
[EventType "tourn"]
[EventRounds "9"]
[EventCountry "MAR"]
[EventCategory "7"]
[SourceTitle "CBM 042 Extra"]
[Source "ChessBase"]
[SourceDate "1994.11.01"]
[SourceVersion "1"]
[SourceVersionDate "1994.11.01"]
[SourceQuality "1"]

1. c4 c6 2. d4 d5 3. Nf3 Nf6 4. Nc3 dxc4 5. a4 Bf5 6. Ne5 e6 7. g3 Bb4 8. Bg2 Ne4 9. 0-0 Bxc3 10. bxc3 Nxc3 11. Qe1 Qxd4 12. Bb2 Qxe5 13. Bxc3 Qc5 14. Bxg7 Rg8 15. Qc3 Nd7 16. Bd4 Qe7 17. e4 Bg4 18. Qxc4 e5 19. Be3 Be6 20. Qc3 c5 21. Rfc1 b6 22. Bf1 f6 23. a5 Kf7 24. Ra3 Qd6 25. Qb2 Qc6 26. Rd1 c4 27. Qb4 Rgc8 28. Rd6 bxa5 29. Rxa5 Rcb8 30. Qd2 Qc7 31. Raa6 c3 32. Qd1 Nf8 33. Rac6 Qb7 34. Bh6 Qb1 35. Qh5+ Kg8 36. Rxe6 Nxe6 37. Qg4+ Ng5 38. Rxf6 Kh8 1-0

[Event "Arab-ch 8th"]
[Site "Doha"]
[Date "1993.??.??"]
[Round "10"]
[White "Abdulghafour, Yousef"]
[Black "Bennis, Zakaria"]
[Result "0-1"]
[WhiteElo "2240"]
[BlackElo "2310"]
[PlyCount "120"]
[EventDate "1993.??.??"]
[EventType "swiss"]
[EventRounds "11"]
[EventCountry "QAT"]
[SourceTitle "TD"]
[Source "ChessBase"]
[SourceDate "1994.03.01"]
[SourceVersion "1"]
[SourceVersionDate "1994.03.01"]
[SourceQuality "1"]

1. e4 c5 2. g3 d5 3. exd5 Qxd5 4. Nf3 Nc6 5. Bg2 Qe4+ 6. Kf1 Bg4 7. d3 Qe6 8. h3 Bh5 9. Be3 Qd6 10. Nbd2 Nd4 11. Nc4 Qd8 12. g4 Bg6 13. Nxd4 cxd4 14. Bxb7 e5 15. Bxd4 Qxd4 16. Bc6+ Kd8 17. Bxa8 Bc5 18. Qf3 e4 19. Qe3 exd3 20. Qxd4+ Bxd4 21. Rd1 h5 22. cxd3 Nf6 23. g5 Kc7 24. Bf3 Nd7 25. Be4 Nc5 26. Bxg6 fxg6 27. Kg2 Rf8 28. Rd2 h4 29. Re1 Rf5 30. f4 Rxf4 31. Rf1 Ne6 32. Rxf4 Nxf4+ 33. Kh2 Kd7 34. Rd1 Bf2 35. Kh1 Bg3 36. Rf1 Ke6 37. Nd2 Nxd3 38. Ne4 Be5 39. b3 Nf4 40. Nf2 Bc7 41. Re1+ Kf5 42. Kg1 Bb6 43. Kf1 Bxf2 44. Kxf2 Nd3+ 45. Ke2 Nxe1 46. Kxe1 Kxg5 47. Kf2 Kf4 48. b4 g5 49. b5 g4 50. hxg4 g5 51. a4 Ke4 52. a5 Kd5 53. Ke3 Kc5 54. b6 axb6 55. axb6 Kxb6 56. Kd3 Kc6 57. Ke3 Kd5 58. Kf3 Kd4 59. Kf2 Ke4 60. Kg2 Kf4 0-1

[Event "Arab-ch 8th"]
[Site "Doha"]
[Date "1993.??.??"]
[Round "9"]
[White "Bennis, Zakaria"]
[Black "El Taher, Fouad"]
[Result "0-1"]
[WhiteElo "2310"]
[BlackElo "2400"]
[PlyCount "84"]
[EventDate "1993.??.??"]
[EventType "swiss"]
[EventRounds "11"]
[EventCountry "QAT"]
[SourceTitle "TD"]
[Source "ChessBase"]
[SourceDate "1994.03.01"]
[SourceVersion "1"]
[SourceVersionDate "1994.03.01"]
[SourceQuality "1"]

1. Nf3 Nf6 2. g3 g6 3. Bg2 Bg7 4. c4 d6 5. d4 0-0 6. Nc3 Nbd7 7. 0-0 e5 8. e4 c6 9. h3 Qb6 10. dxe5 Nxe5 11. Nxe5 dxe5 12. Qc2 Be6 13. Be3 Qa5 14. Ne2 Rfd8 15. Rfb1 Bf8 16. a3 Rd7 17. b4 Qa6 18. Rc1 Bxc4 19. Nc3 Rad8 20. Qb2 Ne8 21. b5 Qa5 22. bxc6 bxc6 23. Nd1 Qe1+ 24. Kh2 Rxd1 25. Rxd1 Rxd1 26. Rxd1 Qxd1 27. Qxe5 Qd7 28. Qc3 Qd3 29. Qe5 Be6 30. Qb8 Qd7 31. a4 c5 32. a5 a6 33. e5 c4 34. Qb6 Nc7 35. Bc6 Qe7 36. Qb8 c3 37. Ba4 Nd5 38. Bh6 Qc5 39. Kg2 Qc8 40. Qxc8 Bxc8 41. Bg5 Bb4 42. Bd8 Bf5 0-1

[Event "Arab-ch 8th"]
[Site "Doha"]
[Date "1993.??.??"]
[Round "7"]
[White "Bennis, Zakaria"]
[Black "Kadhi, Hameed Mansour Ali"]
[Result "0-1"]
[WhiteElo "2310"]
[BlackElo "2270"]
[PlyCount "48"]
[EventDate "1993.??.??"]
[EventType "swiss"]
[EventRounds "11"]
[EventCountry "QAT"]
[SourceTitle "TD"]
[Source "ChessBase"]
[SourceDate "1994.03.01"]
[SourceVersion "1"]
[SourceVersionDate "1994.03.01"]
[SourceQuality "1"]

1. d4 Nf6 2. Nf3 c5 3. e3 e6 4. Bd3 b6 5. c4 Bb7 6. Nc3 Be7 7. 0-0 0-0 8. b3 cxd4 9. exd4 d6 10. Bb2 Nbd7 11. Re1 Rc8 12. Qe2 Re8 13. Ng5 Bf8 14. f4 h6 15. Nf3 e5 16. fxe5 dxe5 17. Nxe5 Nxe5 18. dxe5 Bc5+ 19. Kh1 Rxe5 20. Qxe5 Ng4 21. Bh7+ Kh8 22. Qg3 Nf2+ 23. Kg1 Ne4+ 24. Qe3 Nxc3 0-1

[Event "Olympiad-30"]
[Site "Manila"]
[Date "1992.06.21"]
[Round "12.2"]
[White "Nadera, Barlo A"]
[Black "Bennis, Zakaria"]
[Result "1-0"]
[WhiteElo "2390"]
[BlackElo "2280"]
[PlyCount "107"]
[EventDate "1992.06.08"]
[EventType "team-swiss"]
[EventRounds "14"]
[EventCountry "PHI"]
[SourceTitle "TD"]
[Source "ChessBase"]
[SourceDate "1994.03.01"]
[SourceVersion "1"]
[SourceVersionDate "1994.03.01"]
[SourceQuality "1"]
[WhiteTeam "Philippines II"]
[BlackTeam "Morocco"]
[WhiteTeamCountry "PHI"]
[BlackTeamCountry "MAR"]

1. d4 d5 2. c4 e6 3. Nc3 Nf6 4. Nf3 Be7 5. e3 c5 6. cxd5 exd5 7. g3 Nc6 8. Bg2 Ne4 9. 0-0 0-0 10. Ne2 c4 11. Ne5 f5 12. f3 Nf6 13. b3 cxb3 14. axb3 Bd6 15. Bb2 Qe8 16. f4 Nb4 17. Nc3 Be6 18. Qe2 a6 19. Rfc1 Ne4 20. Na4 Rc8 21. Ba3 Qe7 22. Qd1 Rc7 23. Rxc7 Qxc7 24. Rc1 Qa5 25. Bxe4 fxe4 26. Kg2 g6 27. h3 Rc8 28. Rxc8+ Bxc8 29. Qc1 Be6 30. Bxb4 Bxb4 31. h4 Bd6 32. Qc3 Qb5 33. Qc2 Qa5 34. Kf2 Kg7 35. Nc5 Bh3 36. g4 Bxe5 37. dxe5 Bxg4 38. Nxb7 Qb6 39. Nd6 Be6 40. Ne8+ Kf8 41. Nf6 h6 42. Qc3 a5 43. h5 Kf7 44. hxg6+ Kxg6 45. Qc1 Kf7 46. Qg1 Qb8 47. Qd1 d4 48. Qxd4 Qxb3 49. Qa7+ Kf8 50. Qa8+ Kg7 51. Qxe4 Qb2+ 52. Kg3 Qc1 53. Qh7+ Kf8 54. Qh8+ 1-0

[Event "Olympiad-30"]
[Site "Manila"]
[Date "1992.06.17"]
[Round "9.2"]
[White "Bennis, Zakaria"]
[Black "Owosina, Tolani A"]
[Result "1/2-1/2"]
[WhiteElo "2280"]
[BlackElo "2205"]
[PlyCount "107"]
[EventDate "1992.06.08"]
[EventType "team-swiss"]
[EventRounds "14"]
[EventCountry "PHI"]
[SourceTitle "TD"]
[Source "ChessBase"]
[SourceDate "1994.03.01"]
[SourceVersion "1"]
[SourceVersionDate "1994.03.01"]
[SourceQuality "1"]
[WhiteTeam "Morocco"]
[BlackTeam "Nigeria"]
[WhiteTeamCountry "MAR"]
[BlackTeamCountry "NGR"]

1. c4 c5 2. Nc3 Nc6 3. g3 Nf6 4. Bg2 e6 5. Nf3 d5 6. cxd5 Nxd5 7. 0-0 Be7 8. d3 0-0 9. Bd2 Rb8 10. Rc1 Nxc3 11. Bxc3 b6 12. h4 Bb7 13. Qa4 Bf6 14. Rfd1 Bxc3 15. bxc3 Qc7 16. d4 Na5 17. Qb5 Rbc8 18. Qb1 h6 19. e4 Rfd8 20. Re1 Qc6 21. Rcd1 cxd4 22. cxd4 Qc2 23. Qa1 Qa4 24. Re2 Ba6 25. Rb2 Nc4 26. Rb3 Nd6 27. Ne1 Bc4 28. Rb2 Nb5 29. Rdd2 Qa5 30. Rbc2 Nxd4 31. Rxd4 Rxd4 32. Qxd4 Qxe1+ 33. Kh2 b5 34. Qxa7 Rd8 35. a4 Rd1 36. axb5 Qg1+ 37. Kh3 Bf1 38. Qa8+ Kh7 39. Bxf1 Qxf1+ 40. Kg4 Qxb5 41. Qc6 f5+ 42. Kf4 Qb8+ 43. Kf3 Qb3+ 44. Kg2 Qd3 45. exf5 exf5 46. Kh2 f4 47. gxf4 Qf5 48. Rc4 Re1 49. Qf3 Qg6 50. Qg3 Qb1 51. Qf3 Qg6 52. Qg3 Qb1 53. Qf3 Qg6 54. Qg3 1/2-1/2

[Event "Olympiad-30"]
[Site "Manila"]
[Date "1992.06.12"]
[Round "5.3"]
[White "Fernandez Garcia, Jose Luis"]
[Black "Bennis, Zakaria"]
[Result "1/2-1/2"]
[WhiteElo "2465"]
[BlackElo "2280"]
[PlyCount "106"]
[EventDate "1992.06.08"]
[EventType "team-swiss"]
[EventRounds "14"]
[EventCountry "PHI"]
[SourceTitle "TD"]
[Source "ChessBase"]
[SourceDate "1994.03.01"]
[SourceVersion "1"]
[SourceVersionDate "1994.03.01"]
[SourceQuality "1"]
[WhiteTeam "Spain"]
[BlackTeam "Morocco"]
[WhiteTeamCountry "ESP"]
[BlackTeamCountry "MAR"]

1. e4 c5 2. Nf3 d6 3. d4 cxd4 4. Nxd4 Nf6 5. Nc3 a6 6. Be2 e5 7. Nb3 Be6 8. 0-0 Nbd7 9. a4 Rc8 10. Bf3 Be7 11. a5 Nc5 12. Bg5 0-0 13. Bxf6 Bxf6 14. Nd5 Bg5 15. Nb6 Rc7 16. Nxc5 Rxc5 17. c3 Qc7 18. Qd3 g6 19. Ra3 Kg7 20. Rd1 Rd8 21. b4 Rc6 22. Nd5 Qc8 23. Be2 Rf8 24. c4 Qd8 25. Qb1 h6 26. Qb2 Kh7 27. Nb6 Qb8 28. Rc3 Bd8 29. Nd5 Qa7 30. Qd2 Kg7 31. Qe3 Qxe3 32. fxe3 Bg5 33. Rb3 Rfc8 34. Nb6 Rd8 35. Kf2 f5 36. exf5 gxf5 37. g3 Rf8 38. Bf3 Bxc4 39. Rc3 d5 40. Nxc4 Rxc4 41. Rxc4 dxc4 42. Bxb7 Rd8 43. Rxd8 Bxd8 44. Bxa6 Be7 45. Bxc4 Bxb4 46. a6 Bc5 47. Kf3 e4+ 48. Ke2 Kf6 49. Kd2 Ke5 50. Bb5 Bb6 51. Bd7 Ba7 52. Be8 Bb6 53. Bg6 Ba7 1/2-1/2

[Event "Cannes op"]
[Site "Cannes"]
[Date "1992.??.??"]
[Round "?"]
[White "Bennis, Zakaria"]
[Black "Portisch, Lajos"]
[Result "0-1"]
[WhiteElo "2280"]
[BlackElo "2575"]
[PlyCount "112"]
[EventDate "1992.02.??"]
[EventType "swiss"]
[EventRounds "9"]
[EventCountry "FRA"]
[SourceTitle "TD"]
[Source "ChessBase"]
[SourceDate "1994.03.01"]
[SourceVersion "1"]
[SourceVersionDate "1994.03.01"]
[SourceQuality "1"]

1. c4 c5 2. Nf3 b6 3. g3 Bb7 4. Bg2 g6 5. d4 cxd4 6. Qxd4 Nf6 7. Nc3 Bg7 8. Bg5 d6 9. 0-0 Nbd7 10. Rac1 Rc8 11. b3 Rc5 12. Qd2 Qb8 13. Rfd1 0-0 14. Ne1 Bxg2 15. Nxg2 Re8 16. f3 a6 17. Be3 Rcc8 18. Nf4 Qb7 19. a4 Nc5 20. Qa2 Red8 21. b4 Ncd7 22. Ncd5 Bf8 23. Rb1 Nxd5 24. Nxd5 e6 25. Nf4 Qc7 26. Rdc1 Ne5 27. a5 bxa5 28. bxa5 Re8 29. Rb4 Qd8 30. Rb2 Rc6 31. Rbc2 Qa8 32. Bd4 Bg7 33. Qa1 Nxf3+ 34. exf3 Bxd4+ 35. Qxd4 e5 36. Qe3 exf4 37. Qxf4 Qd8 38. Qd2 Rc5 39. Ra2 Qc7 40. Rd1 Re6 41. Rb1 Rxc4 42. Rab2 Kg7 43. Kg2 Rf6 44. Rd1 Rc3 45. f4 Qc6+ 46. Qd5 Rf5 47. Qxc6 Rxc6 48. Rb6 Rc2+ 49. Kf3 Rxa5 50. Rbxd6 Rxh2 51. R1d3 h5 52. Rd7 Raa2 53. Ke4 Rae2+ 54. Kd4 Rd2 55. Kc3 Rxd3+ 56. Rxd3 Rh3 0-1

[Event "Cannes op"]
[Site "Cannes"]
[Date "1992.??.??"]
[Round "?"]
[White "Leroy, Adrien"]
[Black "Bennis, Zakaria"]
[Result "0-1"]
[WhiteElo "2215"]
[BlackElo "2280"]
[PlyCount "70"]
[EventDate "1992.02.??"]
[EventType "swiss"]
[EventRounds "9"]
[EventCountry "FRA"]
[SourceTitle "EXT 2002"]
[Source "ChessBase"]
[SourceDate "2001.11.25"]
[SourceVersion "1"]
[SourceVersionDate "2001.11.25"]
[SourceQuality "1"]

1. d4 d5 2. Nf3 c6 3. c3 Nf6 4. Bf4 g6 5. e3 Bg7 6. Bd3 Qb6 7. Qc2 0-0 8. h3 c5 9. Qc1 Nc6 10. 0-0 Re8 11. Nbd2 Bf5 12. Bxf5 gxf5 13. Ne5 Nxe5 14. Bxe5 Nd7 15. Bxg7 Kxg7 16. Qb1 e6 17. b4 c4 18. a4 Rg8 19. f4 Kh8 20. Kf2 Nf6 21. Rh1 Rg6 22. Qc2 Rag8 23. Rag1 Qd8 24. Qd1 Rg3 25. Rh2 Qf8 26. Qe2 Qh6 27. Rhh1 Qh4 28. Kf1 R8g7 29. Qf2 Nh5 30. Ke2 Qe7 31. Nf1 a5 32. Qe1 axb4 33. cxb4 Rxg2+ 34. Rxg2 Rxg2+ 35. Kf3 Rg8 0-1